000 02058nam a2200409 c 4500
003 BLK
005 20240108095925.0
008 180411b bul|||||r ||||||| ||bul||
010 _aKNG00207058000
020 _a978-954-783-121-6
_bиздат.: Локус
040 _aBLK
041 _aBUL
_cBUL
072 7 _2bullib
_aН15
_xПсихология Н
080 _aМислене. Представа - Абстракция. Подбор. Сравнение. Размисъл. Преценка. Мнение. Умозаключение. Индукция. Дедукция. Евристика. Мислене и говорене. Рефлексия (психол.)
_b159.955
_x(02.062)
_z159.955(02.062)
080 _aПсихотехника. Приложна психология. Психотестове. Консултативна психология
_b159.98
_x(02.062)
_z159.98(02.062)
100 1 _aДе Боно, Едуард
_eпърви автор
_9270403
700 1 _aХристова, Жанета Стефанова
_eпрев.
_9347988
139 _aДе Боно, Едуард
_bД 30
245 1 0 _aШестте рамки на мислене
_cЕдуард Де Боно; прев. Жанета Стефанова Христова.
257 _aMLT
260 София
_bЛокус
_c2010
_fСофия : ПК Д. Благоев
300 _a127 с.
_bс ил.
_c21 см
380 _a1
500 _aОриг. загл. Six Frames for Thinking about Information / Edward de Bono. - За автора.
650 4 _aМислене - психология
_9251239
650 4 _aПсихология - популярна литература
_9288660
650 4 _aПсихотехника
_9168425
653 _aмислене
653 _aпсихотехника
659 _aН
852 _aЦб 285835
856 4 _qpdf
_u
856 4 _qpdf
_u
942 _cKNG
_n0
_013
944 _aCR
_c26.05.2017
_lМинев Младен
_k30530
944 _aED
_c09.06.2017
_lф /
_kЛюдмила_Стоянова
999 _c197774
_d197774